[Event "Marmaris Karya-12 IM 2022"]
[Site "Icmeler-Marmaris"]
[Date "2022.01.23"]
[Round "5.1"]
[White "Koseoglu, Osman Ogul"]
[Black "Boshra, Alshaeby"]
[Result "1-0"]
[WhiteElo "1733"]
[BlackElo "1974"]
[Annotator "TA"]
[PlyCount "95"]
[EventDate "2022.01.22"]
[EventType "schev"]
[EventCountry "TUR"]
[SourceTitle "playchess.com"]
[Source "ChessBase"]
[SourceQuality "1"]

{[%evp 15,95,5,6,11,12,7,31,-35,-3,-15,11,0,16,14,5,-56,-56,-55,-51,-56,-52,-54,-41,-75,-84,-94,-50,-145,-135,-137,-126,-124,-118,-233,-107,-106,-83,-107,-97,-108,-42,-59,-50,-42,-45,-73,-84,-135,-54,-62,-25,-28,-34,-60,0,-5,0,-51,-45,-50,-55,-50,-50,-51,-53,-50,-50,-54,-47,-89,-34,-45,-46,-68,-68,-62,0,0,0,0,29993,29994]} 1. d4 Nf6 2. Nf3 g6 3. g3 Bg7 4. Bg2 O-O 5. O-O d6 6. c4 c6 7. Nc3 Bf5 8. Nh4 {8.Ne1 is the recent fashion.} Be6 9. Qd3 {E62: King's Indian: Fianchetto: 6...c6 and Panno Variation (6...Nc6) without ...a6.} d5 10. b3 {[%cal Bb2b3,Bb3c4,Bc4c5][%mdl 32]} Nbd7 {[%cal Bb8d7,Bd7b6,Bb6d5,Bd5c3][%mdl 32]} 11. h3 (11. Rd1 $14) 11... dxc4 $15 12. bxc4 Nb6 13. c5 {[#]} Bc4 $146 ({Predecessor:} 13... Nbd5 14. a3 Nxc3 15. Qxc3 Nd5 16. Qd3 Qd7 17. Kh2 f5 18. f4 Bf6 19. Nf3 b6 20. cxb6 Nxb6 {1-0 (48) Woelwer,P-Bajonczak,H Rheinhausen 1999}) 14. Qc2 Nbd5 15. Rb1 (15. Bb2 $11) 15... Nxc3 16. Qxc3 Bxe2 {[#] ...Nd5 is the strong threat.} 17. Re1 Ba6 18. Bg5 h6 19. Be3 Nd5 $36 {[%mdl 2048] White is under strong pressure.} 20. Qb3 e6 (20... Nxe3 $17 21. Rxe3 e6) 21. Rb2 (21. Bd2 $15) 21... Nxe3 $17 22. fxe3 Qa5 23. Rd1 Bb5 24. a4 (24. Nf3 $17 {is a better defense.}) 24... Ba6 {A strong pair of Bishops.} ({Not} 24... Qxa4 25. Qxa4 Bxa4 26. Ra1 $17) (24... Bxa4 $19 {is more deadly.} 25. Ra1 b5) 25. Be4 {[%cal Oh4g6]} Qc7 26. Kh2 Rad8 27. Rf2 g5 (27... Kh7 $17 28. Nf3 f5) 28. Nf3 $15 Qe7 29. Bb1 f5 30. Nd2 Kh8 31. Nc4 (31. Nf3 $142) 31... Bxc4 (31... h5 $17 32. Rg2 Rd5) 32. Qxc4 Rd7 {[%cal Og7e5]} 33. a5 a6 34. Ba2 e5 ({Better is} 34... Rf6 $15) 35. Rxf5 $11 exd4 36. Rdf1 ({White should play} 36. exd4 $11 Rdd8 37. Rxf8+ Rxf8 38. Qe6) 36... Rfd8 $15 37. Rf7 Qe8 (37... Qxe3 38. Rxd7 Qe8 39. Rxb7 $18) 38. exd4 Rxd4 39. Qe6 Rd2+ 40. Kh1 Qxe6 41. Bxe6 Rb2 {Threatens to win with ...Rdd2.} 42. Bd7 (42. R1f2 $15 {is superior.}) 42... Rc2 (42... Bd4 $17 43. R1f5 Rb5) 43. Re7 Rf8 {[%cal Rf8f1]} 44. Bf5 Rxc5 45. g4 Rb5 ({Black should try} 45... Rxa5 $15 46. Rxb7 Rd8) 46. Rd1 $11 {And now Rdd7 would win.} Rxa5 47. Rdd7 Bf6 {[%mdl 8192] [#]} (47... Ra1+ $11 48. Kg2 Ra2+ 49. Kh1 Ra1+ 50. Kg2 Ra2+ 51. Kh1 Ra1+) 48. Rh7+ {Quite a comeback for White.  Weighted Error Value: White=0.22 (precise) /Black=0.32} 1-0

[Event "Marmaris Karya-12 IM 2022"]
[Site "Icmeler-Marmaris"]
[Date "2022.01.23"]
[Round "5.2"]
[White "Inci, Okan"]
[Black "Sibashvili, Giorgi"]
[Result "0-1"]
[WhiteElo "1653"]
[BlackElo "2398"]
[Annotator "TA"]
[PlyCount "62"]
[EventDate "2022.01.22"]
[EventType "schev"]
[EventCountry "TUR"]
[SourceTitle "playchess.com"]
[Source "ChessBase"]
[SourceQuality "1"]

{[%evp 16,62,45,42,41,0,21,0,8,0,0,0,0,-14,-6,-55,-12,-229,-230,-237,-212,-216,-221,-215,-224,-219,-205,-283,-268,-257,-265,-300,-292,-392,-411,-420,-415,-422,-408,-414,-413,-454,-447,-681,-674,-717,-644,-623,-536]} 1. d4 Nf6 2. Nf3 c5 3. d5 b5 4. c4 bxc4 5. Nc3 d6 6. e4 g6 7. h3 Bg7 8. Bxc4 O-O 9. O-O Ba6 {A57: Benko/Volga Gambit.} 10. Nd2 (10. Bd3 $14) 10... Qa5 11. Qe2 Nfd7 {The position is equal.} 12. Bxa6 Qxa6 13. Nb5 Nb6 14. a4 N8d7 {[#]} 15. Ra3 $146 (15. Ra2 $11 {is more appropriate.}) ({Predecessor:} 15. Qd1 Rab8 16. Qc2 Rfc8 17. Ra3 c4 18. Nf3 Nc5 19. Nbd4 Nbxa4 20. Nc6 Rb7 21. e5 {1-0 (37) Rasic,G (2224)-Ljubisavljevic,Z (2261) Serbia 2005}) 15... Rfb8 (15... Rab8 $1 $15 {should be considered.}) 16. f4 $2 {[#]} (16. Qd1 $11) 16... Nxa4 $19 17. Rxa4 Qxb5 18. Qxb5 Rxb5 19. Nc4 Nb6 20. Nxb6 Rxb6 21. Be3 Rxb2 {...Rb4 is the strong threat.} 22. e5 Rb3 {[%cal Bb2b3,Bb3d3,Bd3d5][%mdl 32]} ({Don't go for} 22... dxe5 $2 23. Bxc5 Rc8 24. Bxa7 $19) 23. Re1 Rd3 24. exd6 exd6 25. f5 Bc3 26. Re2 Re8 27. Kf2 Rxd5 28. fxg6 hxg6 {Black is clearly winning.} 29. Rxa7 (29. Bf4 $142 Rxe2+ 30. Kxe2) 29... Rf5+ 30. Kg3 Rfe5 31. Kf3 Bd4 {Black took control after the opening.  Weighted Error Value: White=0.48/Black=0.11 (very precise)} 0-1

[Event "Marmaris Karya-12 IM 2022"]
[Site "Icmeler-Marmaris"]
[Date "2022.01.23"]
[Round "5.3"]
[White "Atayman, Evren"]
[Black "Darban, Morteza"]
[Result "0-1"]
[WhiteElo "1616"]
[BlackElo "2261"]
[Annotator "TA"]
[PlyCount "92"]
[EventDate "2022.01.22"]
[EventType "schev"]
[EventCountry "TUR"]
[SourceTitle "playchess.com"]
[Source "ChessBase"]
[SourceQuality "1"]

{[%evp 11,91,30,20,6,8,0,0,0,4,0,14,0,24,19,55,0,0,0,9,8,14,19,20,6,31,15,35,27,33,31,65,35,20,36,47,36,37,20,47,14,66,66,66,66,50,37,35,0,0,0,0,-10,-25,-10,-45,-162,-58,-326,-317,-445,-439,-436,-409,-505,-504,-501,-501,-485,-459,-937,-945,-937,-937,-924,-923,-906,-904,-889,-871,-5035,-1164,-29999]} 1. e4 c5 2. Nf3 e6 3. Nc3 a6 4. d4 cxd4 5. Nxd4 Qc7 6. a3 Nf6 7. Bg5 {7.f4 is the modern continuation. B43: Sicilian: Kan Variation: 5 Nc3.} Be7 {[%cal Of6e4]} 8. f4 {With the idea e5.} d6 {Prevents e5.} 9. Qd2 {[#] The position is equal.} h6 $146 ({Predecessor:} 9... Nbd7 10. g4 h6 11. Bxf6 Bxf6 12. O-O-O b5 13. Bxb5 {1-0 (13) Mogirzan,M (1813)-Khumalo,K (2117) Chess.com INT 2020}) 10. Bxf6 Bxf6 11. O-O-O {[%cal Od4b5]} Bd7 {To avoid Ndb5} 12. Kb1 Qc5 13. Nde2 (13. Be2 $14) 13... Be7 $11 14. Nc1 Nc6 15. Nb3 Qa7 16. h4 h5 17. g3 O-O-O 18. Bh3 Kb8 19. Rhe1 {[%cal Bh1e1,Be1e3,Be3d3][%mdl 32]} Bc8 20. Bg2 {[%cal Oc3d5]} Bf6 21. Na4 b5 22. Nc3 {[%cal Ba4c3,Bc3a2,Ba2b4,Bb4c6][%mdl 32]} Bb7 23. Re3 Qb6 24. Rd3 Be7 25. Na2 g6 ({Black should try} 25... a5 $11) 26. Nb4 $14 Rc8 27. Nxc6+ $1 Bxc6 28. Nd4 Bb7 29. f5 {[#] fxg6 is the strong threat.} e5 $1 30. Nb3 {[%cal Of5f6]} gxf5 31. exf5 {[%cal Of5f6] aiming for f6!} e4 32. Rd4 {[%cal Of5f6] And now f6! would win.} d5 33. Na5 (33. Qe2 $15) 33... Ba8 ({Black should play} 33... Bf6 $19 34. Nxb7 Bxd4 35. Qxd4 Qxb7) 34. b4 $2 {[%mdl 8192] This move loses the game for White.} (34. Rxd5 $15 e3 35. Qe2 Bxd5 36. Rxd5 Qxa5 37. Rd7) 34... Bf6 $19 35. Qf4+ (35. Nb3 $142) 35... Qc7 36. Qxc7+ Rxc7 37. Rxd5 Bxd5 38. Rxd5 e3 39. Bf3 Rg8 40. Rd6 {[#]} (40. Nb3 $142 Rxg3 41. Bxh5) 40... Rxg3 $1 41. Bxh5 Rg1+ 42. Rd1 Rxd1+ 43. Bxd1 Rd7 44. Bf3 Rd2 {Threatens to win with ...Rf2.} 45. Kc1 Rf2 {( -> ...Rf1+)} 46. Bd5 Rf1# {Weighted Error Value: White=0.69/Black=0.10 (very precise)} 0-1

[Event "Marmaris Karya-12 IM 2022"]
[Site "Icmeler-Marmaris"]
[Date "2022.01.23"]
[Round "5.4"]
[White "Ozcan, Alperen"]
[Black "Ahmad, Al Khatib"]
[Result "0-1"]
[WhiteElo "1578"]
[BlackElo "2218"]
[Annotator "TA"]
[PlyCount "59"]
[EventDate "2022.01.22"]
[EventType "schev"]
[EventCountry "TUR"]
[SourceTitle "playchess.com"]
[Source "ChessBase"]
[SourceQuality "1"]

{[%evp 14,59,-22,-22,-24,-31,-22,-23,-10,-11,-12,-21,0,-11,0,0,0,-21,23,-7,-7,0,-13,-18,7,0,0,-42,-37,-48,-40,-171,-88,-264,-237,-445,-275,-589,-566,-567,-541,-1482,-1462,-3352,-3266,-2566,-2246,-29965]} 1. d4 Nf6 2. Bf4 d5 3. Nf3 c5 4. c3 Nc6 5. e3 Qb6 6. Qb3 c4 7. Qc2 {7.Qc2 scores better than 7.Qxb6.} Bf5 8. Qc1 (8. Qxf5 $2 Qxb2 9. Nbd2 Qxa1+ $19) 8... Nh5 {D02: 1 d4 d5 2 Nf3 sidelines, including 2...Nf6 3 g3 and 2...Nf6 3 Bf4.} 9. Bg3 Nxg3 (9... e6 {seems wilder.} 10. Nbd2 Be7 11. Bh4 Nf6 12. Be2 O-O) 10. hxg3 h6 {Black has an edge.} 11. Nbd2 {[%cal Oe3e4]} e6 12. Be2 Be7 13. O-O Qc7 14. b3 cxb3 15. axb3 h5 {[#]} (15... O-O $142) 16. Nh4 $146 ({Predecessor:} 16. b4 g5 17. Ne1 g4 18. b5 Na5 19. c4 Rc8 20. Qc3 b6 21. c5 h4 22. gxh4 Bxh4 23. f4 Bg3 24. Nd3 f6 25. Rfc1 Rh1+ {0-1 (25) Zhu,J (2455)-Aditya,M (2453) chess24.com INT 2021}) 16... Bg4 17. Qd1 g5 {[%cal Bg7g5,Bg5g4][%mdl 32]} 18. Nhf3 f5 {Threatens to win with ...h4.} 19. c4 h4 20. gxh4 (20. cxd5 $1 $11 {is more appropriate.} exd5 21. gxh4) 20... Bxf3 $15 21. Nxf3 {aiming for cxd5.} g4 22. Ne5 (22. cxd5 $1 $15 gxf3 23. Bxf3 exd5 24. Bxd5) 22... Bxh4 (22... Nxe5 $19 23. dxe5 Bxh4 24. cxd5 Qh7 25. Bxg4 (25. Bb5+ $2 Kf8 $19) 25... fxg4 26. Qxg4 O-O-O 27. Qxe6+ Kb8) 23. g3 $2 (23. Ng6 $17 {is a better defense.} Rh6 24. Nxh4 (24. Nf4 $2 Bg5 $19) 24... Rxh4 25. g3) 23... Nxe5 $40 {[%mdl 128] Black attacks with force.} 24. dxe5 $2 (24. Kg2 {only move.} dxc4 25. dxe5 Qc6+ 26. f3) 24... Qh7 {[%cal Oh4g3] ( -> ...Bxg3!)} 25. Kg2 {[#]} (25. Bxg4 {nothing else works.} Be7 26. Bh5+ Qxh5 27. Qxh5+ Rxh5 28. cxd5) 25... Bxg3 $1 $19 {[%csl Gg3,Gh8][%cal Rh7h2][%mdl 512] Black is clearly winning.} 26. Rh1 {[#] Prevents Qh2+.} Bh2 $1 {[%csl Gg4,Gh8][%cal Rh7h3]} ({Inferior is} 26... Qxh1+ 27. Qxh1 Rxh1 28. Rxh1 Bxe5 29. cxd5 $11) 27. Bxg4 fxg4 28. Qxg4 {[#]} Rg8 $1 29. Qxg8+ Qxg8+ 30. Kxh2 {Weighted Error Value: White=1.11/Black=0.21 (precise)} 0-1

[Event "Marmaris Karya-12 IM 2022"]
[Site "Icmeler-Marmaris"]
[Date "2022.01.23"]
[Round "5.5"]
[White "Ozturk, Ibrahim Muhammed"]
[Black "Haussernot, Cecile"]
[Result "0-1"]
[WhiteElo "1265"]
[BlackElo "2188"]
[Annotator "TA"]
[PlyCount "60"]
[EventDate "2022.01.22"]
[EventType "schev"]
[EventCountry "TUR"]
[SourceTitle "playchess.com"]
[Source "ChessBase"]
[SourceQuality "1"]

{[%evp 12,59,31,0,10,4,0,-6,24,14,6,12,1,-48,-38,-65,-57,-127,-120,-295,-295,-303,-313,-566,-580,-555,-573,-550,-542,-695,-691,-738,-728,-866,-850,-1370,-1283,-29966,-29974,-29973,-5010,-2506,-2030,-29986,-29987,-29992,-29993,-29997,-29998,-29999]} 1. e4 c5 2. Nf3 {[%cal Bg1f3,Bf3d4,Bd4b3][%mdl 32]} d6 3. d4 cxd4 4. Nxd4 Nf6 5. Nc3 a6 6. h3 e5 {The main line 6...e5 scores better than 6...e6.} 7. Nb3 Be6 {B90: Sicilian Najdorf: Unusual White 6th moves, 6 Be3 Ng4 and 6 Be3 e5.} 8. Be2 Be7 9. f4 {[#]} Qc7 $146 {The position is equal.} ({Predecessor:} 9... O-O 10. O-O b5 11. Be3 exf4 12. Rxf4 Nc6 13. Nd5 Nd7 14. Rf2 Bh4 15. Rf1 Nde5 16. Nd4 Bxd5 17. exd5 Nxd4 18. Bxd4 Rb8 19. a4 Qc7 20. axb5 {½-½ (20) Istona,M (2250)-Cerveny,P (2330) Czech Republic 2019}) 10. f5 Bc4 11. Bg5 Nbd7 12. Bd3 (12. Bxc4 $11 Qxc4 13. Qd3 Qxd3 14. cxd3) 12... d5 $15 13. Bxf6 Nxf6 14. Qf3 (14. Nd2 $15) 14... Bb4 $17 {[#] White must now prevent ...d4.} 15. O-O $2 (15. Bxc4 $17 Qxc4 16. Nd2 dxe4 17. Nxc4 exf3 18. gxf3) 15... Bxc3 $19 16. bxc3 dxe4 17. Qe2 (17. Bxe4 Bxf1 18. Bxb7) 17... exd3 18. cxd3 Bxb3 19. axb3 O-O 20. g4 Qxc3 21. g5 Nd5 22. Kh2 Nf4 23. Rxf4 exf4 {[%cal Be5f4,Bf4f3][%mdl 32]} 24. Rg1 Rfe8 25. Qf3 Qd2+ (25... Rad8 $142 26. Qxf4 Rxd3 27. Rf1 Re2+ 28. Rf2 Rxf2+ 29. Qxf2 Rd2 30. Kg2 Rxf2+ 31. Kxf2 Qxh3 32. b4 Qxf5+ 33. Ke2 Qxg5 34. Kd3 h5 35. Kc2 b5 36. Kc3 h4 37. Kd3 h3 38. Ke4 h2 39. Kd4 h1=Q 40. Kd3 Qd1+ 41. Ke4 Qdd5#) 26. Rg2 Qe3 27. Qg4 f3 {Black mates.} 28. Rg3 Qf2+ 29. Kh1 Re2 {[%csl Ge2][%cal Rf2h2]} 30. h4 Qh2# {Black took control after the opening.  Weighted Error Value: White=1.20/Black=0.49} 0-1

[Event "Marmaris Karya-12 IM 2022"]
[Site "Icmeler-Marmaris"]
[Date "2022.01.23"]
[Round "6.1"]
[White "Sibashvili, Giorgi"]
[Black "Koseoglu, Osman Ogul"]
[Result "1-0"]
[WhiteElo "2398"]
[BlackElo "1733"]
[Annotator "TA"]
[PlyCount "47"]
[EventDate "2022.01.22"]
[EventType "schev"]
[EventCountry "TUR"]
[SourceTitle "playchess.com"]
[Source "ChessBase"]
[SourceQuality "1"]

{[%evp 29,47,13,20,18,52,46,92,77,92,85,316,296,840,831,1612,1550,29995,29994,29998,29999]} 1. d4 Nf6 2. c4 e6 3. Nc3 Bb4 4. e3 O-O 5. Bd3 d5 6. Nf3 dxc4 7. Bxc4 c5 8. O-O cxd4 9. exd4 b6 10. Bg5 Bb7 11. Qe2 Bxc3 12. bxc3 Nbd7 13. Ne5 Qc7 14. Nxd7 Nxd7 15. Rac1 Rac8 16. Bd3 {[%cal Bc4d3,Bd3f5,Bf5h7,Bh7e4][%mdl 32] E54: Nimzo-Indian: Rubinstein: Main Line: 7...dxc4 8 Bxc4.} e5 {[#]} 17. Qg4 $146 ({Predecessor:} 17. Bf5 f6 18. Be3 Rce8 19. Rfd1 Re7 20. Qg4 Rfe8 21. Qh4 Nf8 22. d5 Qd6 23. c4 Rc7 {½-½ (43) Lanka,Z (2535)-Gausel,E (2485) Gausdal 1994}) 17... Qd6 (17... f6 $14) 18. Bf5 {White is more active. White is better.} Rc7 19. Rfd1 $40 {[%mdl 128] aiming for dxe5. White goes for the king.} Bc8 $2 (19... Nf6 $16 20. Qh4 h5) 20. dxe5 $18 Nxe5 {[#]} (20... Qxe5 21. Bf4 (21. Rxd7 Bxd7 22. Bxd7 h5 $15) 21... Qc5 22. Bxc7 Nf6 23. Bxh7+ Nxh7) 21. Bxh7+ $1 {[%mdl 512] This bishop pair is nice.} Kh8 (21... Kxh7 22. Qh5+) 22. Qh4 {Threatening mate with Bg6+.} ({Weaker is} 22. Rxd6 Bxg4 23. Be4 Bh5 $16) 22... Qxd1+ 23. Rxd1 Rc4 24. Be4+ {Black got outplayed after the opening.  Weighted Error Value: White=0.03 (flawless) /Black=1.35} 1-0

[Event "Marmaris Karya-12 IM 2022"]
[Site "Icmeler-Marmaris"]
[Date "2022.01.23"]
[Round "6.1"]
[White "Koseoglu, Osman Ogul"]
[Black "Darban, Morteza"]
[Result "0-1"]
[WhiteElo "1733"]
[BlackElo "2261"]
[Annotator "TA"]
[PlyCount "76"]
[EventDate "2022.01.22"]
[EventType "schev"]
[EventCountry "TUR"]
[SourceTitle "playchess.com"]
[Source "ChessBase"]
[SourceQuality "1"]

{[%evp 11,76,38,41,12,44,31,54,47,66,56,50,62,96,90,95,90,95,58,93,-9,-7,-12,15,-15,-14,-23,-31,-162,-165,-177,-183,-169,-171,-291,-257,-272,-232,-259,-271,-270,-254,-270,-241,-241,-239,-236,-176,-157,-124,-120,-83,-161,-100,-247,-241,-443,-229,-206,-243,-220,-226,-788,-781,-762,-752,-829,-815]} 1. d4 g6 2. c4 Bg7 3. Nc3 d6 4. e4 Nd7 5. Nf3 {[%cal Bg1f3,Bf3h2,Bh2f1,Bf1e3][%mdl 32]} e5 6. d5 a5 7. Be3 {A42: Modern Defence: Averbakh Variation.} b6 8. a3 Ne7 {[#]} 9. h4 $146 {White is slightly better.} ({Predecessor:} 9. Bd3 Nc5 10. Bc2 O-O 11. b4 Nb7 12. O-O f5 13. Bg5 h6 14. Bxe7 Qxe7 15. Nd2 {0-1 (44) Caballero Marrugo,M (1354)-Franco Valencia,B (2159) Cartagena 2019}) 9... Nf6 10. Nh2 h5 11. Be2 a4 12. f3 Bd7 13. Nf1 Qc8 14. Bg5 Neg8 15. b4 ({Better is} 15. Qc2 $16) 15... axb3 $1 $11 16. Qxb3 Bh6 17. Ne3 Bxg5 18. hxg5 Nh7 {[%cal Bf6h7,Bh7g5,Bg5h3,Bh3f4][%mdl 32]} 19. g4 (19. a4 $15) 19... Nxg5 $19 20. gxh5 Nf6 ({Inferior is} 20... Rxh5 21. O-O-O $17) 21. h6 Nh3 22. c5 (22. Rh2 $142) 22... bxc5 23. Bb5 Nf4 24. Nc4 O-O 25. Kd2 Kh7 26. a4 Rb8 27. Na5 Bxb5 28. Nxb5 Qa6 {Chess con chili.} 29. Nc6 Rb7 {Strongly threatening ...Nd7.} 30. Qc4 {[%cal Ob5d6]} Ra8 {...Nd7 is the strong threat.} 31. Rhb1 {[#]} Nd7 ({Black should play} 31... Ne8 $1 $19 32. Rb3 f5 33. exf5 gxf5) 32. Nxd6 Rxb1 (32... cxd6 $2 33. Qxa6 Rb2+ 34. Rxb2 $18) 33. Qxa6 $2 (33. Rxb1 cxd6 34. Qxa6 Rxa6 35. Rb7) 33... Rxa6 (33... Rb2+ $142 34. Kc3 Rxa6 35. Kxb2 cxd6) 34. Rxb1 cxd6 35. Rb7 {[#] And now a5 would win.} Nb6 ({And not} 35... Kxh6 36. Rxd7 Rxa4 37. Rxd6 $11) 36. Nb8 $2 (36. Nd8) 36... Nc4+ {Black is clearly winning.} 37. Kc3 Rxa4 38. Kb3 Na5+ {Weighted Error Value: White=0.56/Black=0.22 (precise)} 0-1

[Event "Marmaris Karya-12 IM 2022"]
[Site "Icmeler-Marmaris"]
[Date "2022.01.23"]
[Round "6.2"]
[White "Darban, Morteza"]
[Black "Inci, Okan"]
[Result "1-0"]
[WhiteElo "2261"]
[BlackElo "1653"]
[Annotator "TA"]
[PlyCount "83"]
[EventDate "2022.01.22"]
[EventType "schev"]
[EventCountry "TUR"]
[SourceTitle "playchess.com"]
[Source "ChessBase"]
[SourceQuality "1"]

{[%evp 24,83,5,0,8,0,19,12,8,0,0,10,0,-1,24,25,77,66,58,62,60,67,63,54,92,94,140,128,135,127,131,120,123,111,206,206,212,202,209,198,830,855,6315,5419,29976,29977,29977,29978,29978,29979,29975,29975,29987,29977,29988,29989,29989,29990,29990,29991,29991,29989]} 1. e4 c5 2. Nf3 {[%cal Bg1f3,Bf3d4,Bd4b5][%mdl 32]} Nc6 3. d4 cxd4 4. Nxd4 Nf6 5. Nc3 e5 6. Ndb5 d6 7. Nd5 Nxd5 8. exd5 Nb8 9. c4 Be7 10. Be2 O-O 11. O-O a6 12. Nc3 f5 13. f3 Nd7 {13...Bg5 is vanishing. B33: Sicilian: Pelikan and Sveshnikov Variations.} 14. Kh1 {has lost popularity (14.Be3).} Kh8 15. Be3 {[#]} Bg5 $146 {The position is equal.} ({Predecessor:} 15... Qe8 16. b4 Qh5 17. f4 Qh4 18. c5 Qf6 19. fxe5 Nxe5 20. Ne4 Qg6 21. Bh5 fxe4 22. Bxg6 hxg6 23. cxd6 {1-0 (44) Lohou,S (2132)-Mandon,F (2219) France 2009}) 16. Bg1 Qf6 17. b4 Qh6 18. c5 dxc5 19. bxc5 Be3 (19... Bf4 $11 {keeps the balance.}) 20. Na4 $16 Bxg1 21. Rxg1 b5 $1 22. cxb6 $1 Nxb6 23. Rb1 Nd7 {White stays focused until the end.} 24. Qc1 f4 (24... Qxc1 $142 25. Rgxc1 g6) 25. Qc7 Nf6 26. Nb6 (26. Qxe5 $6 Re8 27. Qb2 Nxd5 $11) 26... Nh5 {[%csl Gf4][%cal Rh5g3] [#]} 27. Rge1 {[%cal Bg1e1,Be1e2,Be2b2,Bb2b8][%mdl 32] White is much more active. Black has bad knights.} (27. Nxa8 $2 Ng3#) 27... Bf5 28. Nxa8 ({But not} 28. Qxe5 $2 Rae8 29. Qxf5 Rxf5 $19) 28... Ng3+ (28... Bxb1 $16 {might work better.} 29. Bc4 (29. Qxe5 Bxa2 30. Bd3 Kg8 $11) 29... Bg6) 29. Kg1 $18 Nxe2+ 30. Rxe2 Bxb1 31. Rb2 $40 {[%mdl 128] White is out for blood.} ({Much less strong is} 31. Nb6 $6 e4 $16) 31... Qg6 (31... Bf5 32. Qxe5 Kg8) 32. Rb8 {[%cal Rb8f8] [#]} Kg8 33. d6 Bf5 34. Rxf8+ {White mates.} Kxf8 35. Qe7+ Kg8 36. Qd8+ Kf7 37. Nc7 Qh6 38. Qe8+ Kf6 39. h4 {[%cal Rc7d5]} g5 40. Nd5+ Kg7 41. Qxe5+ Kg8 42. Ne7+ {Weighted Error Value: White=0.02 (flawless) /Black=0.47} 1-0

[Event "Marmaris Karya-12 IM 2022"]
[Site "Icmeler-Marmaris"]
[Date "2022.01.23"]
[Round "6.2"]
[White "Inci, Okan"]
[Black "Ahmad, Al Khatib"]
[Result "1/2-1/2"]
[WhiteElo "1653"]
[BlackElo "2218"]
[Annotator "TA"]
[PlyCount "174"]
[EventDate "2022.01.22"]
[EventType "schev"]
[EventCountry "TUR"]
[SourceTitle "playchess.com"]
[Source "ChessBase"]
[SourceQuality "1"]

{[%evp 15,174,56,58,50,47,51,46,48,58,47,41,8,23,3,10,2,19,32,42,20,33,29,79,68,76,85,70,67,82,55,50,58,79,79,79,19,16,16,39,24,38,31,81,82,83,82,72,80,111,92,93,105,106,99,103,89,75,42,42,30,37,16,19,0,0,0,0,0,0,0,0,0,0,0,0,0,0,0,0,0,0,0,0,0,0,0,0,0,0,0,0,0,0,0,0,0,0,0,0,0,0,0,0,0,0,0,0,0,0,0,0,0,0,0,0,0,0,0,0,0,0,0,0,0,0,0,0,0,0,0,0,0,0,0,0,0,0,0,0,0,0,0,0,0,0,0,0,0,0,0,0,0,0,0,0,0,0,0,0,0,0]} 1. d4 {Wojtaszek,Radoslaw} Nf6 2. Nf3 g6 3. c4 Bg7 4. Nc3 O-O 5. e4 d6 6. Be2 Qe8 7. O-O e5 8. dxe5 dxe5 9. b4 {E94: King's Indian: Classical: 6 Be2 e5 7 0-0: Various Black 7th moves.} (9. Be3 {is more complex.} Na6 10. a3 Ng4 11. Bg5 f6 12. Bd2) 9... Bg4 10. b5 {To avoid Nc6} Bxf3 11. Bxf3 {White is slightly better.} Qe6 12. Nd5 Rc8 {[#]} 13. Bg5 $146 ({Predecessor:} 13. Nxf6+ Qxf6 14. Be3 Rd8 15. Qb3 Nd7 16. c5 c6 17. Rfd1 Bf8 18. Rac1 Be7 19. Be2 {1-0 (49) Wojtaszek,R (2722)-Rapport,R (2738) Prague 2019 CBM 189 [Wojtaszek,Radoslaw]}) 13... Nbd7 14. h3 {[%cal Oc4c5]} h5 15. Be3 c6 16. bxc6 bxc6 17. Nxf6+ Nxf6 18. c5 Nd7 (18... Rd8 $11 19. Qa4 Kh7) 19. Qc2 Nf8 20. Be2 Qe7 21. Bc4 Ne6 22. Bxe6 Qxe6 23. Rab1 Rc7 24. Rfd1 Bf8 25. Qb3 (25. a4 $16) 25... Qxb3 $11 26. Rxb3 f6 27. a4 {[%cal Ba2a4,Ba4a5,Ba5a6][%mdl 32]} Kf7 28. Kf1 Ke6 ({Better is} 28... f5 $14) 29. a5 $16 Be7 30. a6 f5 {[#]} 31. f3 $1 f4 {[#]} 32. Bf2 g5 33. Ke2 Rg8 34. Rdb1 {White is much more active.} Rgc8 35. Rb7 (35. Rb4 {feels hotter.} Bf8 36. R4b2 Be7 37. Rb3 Bf8 38. Rb7) 35... Kd7 36. Kd3 {Strongly threatening Kc4.} (36. R7b2 {with more complications.} Ke6 37. Rb3 Bf8 38. Rb7 Kd7 39. Rd1+) 36... Rxb7 $1 37. Rxb7+ $14 {[%mdl 4096] Endgame KRB-KRB} Rc7 38. Rb3 Kc8 {The position is equal.} 39. Kc4 Rd7 40. Rd3 Rxd3 41. Kxd3 $11 {KB-KB} Kd7 42. Kc4 Ke6 43. Be1 {Threatens to win with Ba5.} Bd8 {Prevents Ba5.} 44. Bc3 Bc7 45. Be1 Kf6 46. Kd3 Bd8 47. Kc4 Kg6 48. Kd3 Kh6 49. Bc3 Bc7 50. Be1 Kg6 51. Kc4 Kf6 52. Kd3 Kg7 53. Bc3 Kh7 54. Be1 Kh6 55. Ke2 Kg6 56. Bc3 Kf7 57. Kd3 Ke8 58. Kc4 Kf8 59. Kd3 Kg8 60. Ke2 Kf7 61. Kd3 Ke6 62. Kc4 Bd8 63. Be1 Kf6 64. Kd3 Bc7 65. Ke2 Kg6 66. Kd3 g4 67. hxg4 hxg4 68. Bh4 g3 69. Kc4 Kf7 70. Bg5 Kg6 71. Be7 {Threatening mate with Bd6.} Kf7 $1 72. Bh4 Kg8 73. Be7 $1 Kf7 74. Bh4 Ke8 75. Bf6 Kd7 76. Bh4 $1 Ba5 77. Bf6 $1 Ke6 78. Bh4 Kf7 79. Bg5 Bc7 80. Bh4 Kg8 81. Be7 {White threatens Bd6 and mate.} Kf7 82. Bh4 Ke8 83. Bg5 Kd7 84. Bf6 Bb8 85. Bh4 Bc7 86. Bf6 Ke8 87. Bh4 Bd8 {Weighted Error Value: White=0.08 (flawless) /Black=0.05 (flawless)} 1/2-1/2